Journal Of Marketing (Record no. 41551)

MARC details
000 -LEADER
fixed length control field 00346nam a22001337a 4500
008 - FIXED-LENGTH DATA ELEMENTS--GENERAL INFORMATION
fixed length control field 240929b |||||||| |||| 00| 0 eng d
022 ## - INTERNATIONAL STANDARD SERIAL NUMBER
International Standard Serial Number 00222429
041 ## - LANGUAGE CODE
Language code of text/sound track or separate title Eng
245 ## - TITLE STATEMENT
Title Journal Of Marketing
260 ## - PUBLICATION, DISTRIBUTION, ETC.
Place of publication, distribution, etc. Boston
Name of publisher, distributor, etc. American Marketing Association (Sage)
Date of publication, distribution, etc. 2024
300 ## - PHYSICAL DESCRIPTION
Extent 162p
856 ## - ELECTRONIC LOCATION AND ACCESS
Uniform Resource Identifier <a href="journal.sagepub.com/home/jmx">journal.sagepub.com/home/jmx</a>
942 ## - ADDED ENTRY ELEMENTS (KOHA)
Koha item type Serial
Holdings
Withdrawn status Lost status Source of classification or shelving scheme Damaged status Not for loan Home library Current library Date acquired Serial Enumeration / chronology Total Checkouts Barcode Date last seen Price effective from Koha item type
    Dewey Decimal Classification     IMTN IMTN 09/29/2024 Vol. 88, No. 1   P54 09/29/2024 09/29/2024 Serial
    Dewey Decimal Classification     IMTN IMTN 10/16/2024 Vol. 88, No. 2   P78 10/16/2024 10/16/2024 Serial
    Dewey Decimal Classification     IMTN IMTN 10/16/2024 Vol. 88, No. 3   P79 10/16/2024 10/16/2024 Serial
    Dewey Decimal Classification     IMTN IMTN 10/16/2024 Vol. 88, No. 4   P80 10/16/2024 10/16/2024 Serial
    Dewey Decimal Classification     IMTN IMTN 11/10/2024 Vol. 88, No. 5   P-91 11/10/2024 11/10/2024 Serial
    Dewey Decimal Classification     IMTN IMTN 02/18/2025 Vol. 88, No. 6   P148 02/18/2025 02/18/2025 Serial
    Dewey Decimal Classification     IMTN IMTN 11/25/2025 Vol. 89, No. 1   P1035 11/25/2025 11/25/2025 Serial
    Dewey Decimal Classification     IMTN IMTN 11/25/2025 Vol. 89, No. 2   P1036 11/25/2025 11/25/2025 Serial
    Dewey Decimal Classification     IMTN IMTN 11/25/2025 Vol. 89, No. 3   P1037 11/25/2025 11/25/2025 Serial
    Dewey Decimal Classification     IMTN IMTN 11/25/2025 Vol. 89, No. 4   P1038 11/25/2025 11/25/2025 Serial
    Dewey Decimal Classification     IMTN IMTN 11/25/2025 Vol. 89, No. 5   P1039 11/25/2025 11/25/2025 Serial
Designed & Maintained by: LRC IMT Nagpur Contact: lrc@imtnag.ac.in© 2024. All Rights Reserved.